Statistiques concernant Trouvez les chansons de l'Eurovision 2017 avec leur traduction

Cliquez ici pour prendre le quiz!

Statistiques générales

  • Ce quiz a été pris 31 fois
  • Le résultat moyen est 20 sur 42

Statistiques - réponses

TraductionsChansons% Correct
PapierPaper
84%
ApolloApollo
80%
GravitéGravity
80%
Hey maman !Hey mamma !
80%
EspaceSpace
80%
Où je suisWhere I am
80%
MondeWorld
80%
RequiemRequiem
76%
VéroneVerona
76%
Mon amiMy friend
72%
TempsTime
72%
LigneLine
68%
Yodel ça !Yodel it !
68%
Vole avec moiFly with me
64%
Mon tourMy turn
64%
Vie parfaitePerfect Life
64%
Lumières de la villeCity lights
60%
Je me sens vivantI feel alive
60%
Danse seul(e)Dance alone
56%
Karma des occidentauxOccidentali's Karma
56%
Esprit de la nuitSpirit of the night
52%
Sur mon cheminOn my way
48%
SquelettesSkeletons
48%
Fais-le pour ton amoureuxDo it for your lover
40%
Lumières et ombresLights and shadows
40%
C'est l'amourThis is love
40%
Magnifique désordreBeautiful mess
32%
Je ne peux pas continuerI can't go on
32%
Pluie de la révolutionRain of revolution
32%
Courir en l'airRunning on air
32%
Ne vient pas facilementDon't come easy
28%
Aimer pour deuxAmar pelos dois
24%
Lampe de pocheFlashlight
24%
Attraper le momentGrab the moment
24%
Garder la foiKeep the faith
20%
Je meurs d'essayerDying to try
16%
MerleBlackbird
12%
Trop profondIn too deep
12%
Je ne douterai jamais de toiNever give up on you
12%
A bout de souffleBreathlessly
8%
Histoire de ma vieHistoryja majho žyccia
4%
SourceOrigo
4%

Distribution des résultats

Percentile par nombre de réponses

% des personnes avec chaque résultat

Votre développement - résultats

Vous n’avez pas pris ce quiz